000 00392nam a2200157 4500
001 44718
090 _a44718
100 _a20250904 pory50
101 _aesp
102 _aESP
200 _aCornelia en el umbral de la vida
_ediario de una muchacha
_fIrmgard Falch
210 _aMadrid
_cAfrodisio Aguado
_d1945
215 _a260 p.
675 _a821.112.2-31
801 _aPT
_gRPC
990 _cLIVROS